| 000 | 00563nam a2200217Ia 4500 | ||
|---|---|---|---|
| 003 | 0100 | ||
| 008 | 130303s9999 xx 000 0 und d | ||
| 020 | _a0852559666 | ||
| 040 | _cARRUPELIB | ||
| 050 | _aBX6198.A7M465 | ||
| 100 | _aMaxwell, David | ||
| 245 | _aAfrican Gifts of the Spirit | ||
| 245 | _bpentecostalism &the rise of a Zimbabwean Transnational Religious Movement | ||
| 260 | _aOxford | ||
| 260 | _bJames currey | ||
| 260 | _C2006 | ||
| 300 | _axv | ||
| 300 | _b 250p. 24cm | ||
| 650 | _bTheology, Doctrinal--Africa | ||
| 942 |
_2lcc _03 |
||
| 999 |
_c62781 _d62781 |
||